000
00391nam a2200145Ia 4500
008
100122s9999 xx 000 0 und d
082
_b
29163
_a
823
100
_a
भागवत यशवंत
245
_a
मंजुळा
260
_b
शलाका प्रकाशन
_c
1905
300
_a
170
630
_a
मंजुळा
730
_a
मंजुळा
942
_c
BOOK
999
_c
414596
_d
414593